How the 2023 ladder should have been - Statistics

General Stats
  • This quiz has been taken 14 times
  • The average score is 15 of 18
Answer Stats
Pos Team % Correct
2nd Brisbane
100%
5th Carlton
100%
1st Collingwood
100%
6th Adelaide
89%
4th Melbourne
89%
17th North Melbourne
89%
3rd Port Adelaide
89%
13th Richmond
89%
18th West Coast
89%
11th Essendon
78%
14th Fremantle
78%
15th Gold Coast
78%
8th GWS
78%
16th Hawthorn
78%
7th St Kilda
78%
10th Sydney
78%
9th Western Bulldogs
78%
12th Geelong
67%
No matching quizzes found
Score Distribution
Percent of People with Each Score
Percentile by Number Answered
Your Score History
You have not taken this quiz